| 000 | 00451 a2200157 4500 | ||
|---|---|---|---|
| 005 | 20250626064150.0 | ||
| 020 | _a978-0-07-282932-7 | ||
| 082 | _a658.3KIN | ||
| 100 | _aKINICKI, A. | ||
| 245 | _aOrganization Behavior: Key Concepts, Skills & Best Practice, | ||
| 250 | _a2nd Ed. | ||
| 260 |
_aNew York, _bMcGraw- Hill, _c2006. |
||
| 300 |
_axxviii, 460p,: ill.; figure, picture _bGlossary & Index _c25.5cm |
||
| 700 | _aKREITNER, R. | ||
| 942 |
_2ddc _cBKS |
||
| 999 |
_c5197 _d5197 |
||